01032 2200313 4500001002100000005001500021035002000036007000300056008004100059020002200100082001700122084001900139100003700158245014800195250003200343300003800375650002500413700003100438504003300469264004200502336002100544337003000565338002300595040002200618090002200640850001200662999002200674990002200696INLIS00000000089602120250509101523 a0010-0525000267ta250509s2025 yoia g 000 0 ind d a978-623-515-538-804223a615.1068 a615.1068 ANG m0 aAnggraeni Widya PutriePengarang10aManajemen farmasi :btransformasi, peluang, dan tantangan pemasaran farmasi di era digital /cAnggraeni Widya Putri; penyunting, Herman Adamson aCetakan Pertama, April 2025 ax, 214 halaman :bgambar ;c21 cm 4aFarmasi--xManajemen0 aHerman AdamsonePenyunting aBibliografi: halaman 205-21131aBantul :bAnak Hebat Indonesia,c2025 2rdacontentateks 2rdamediaatanpa perantara 2rdacarrieravolume aYOPDYOGbinderda aCB-D.11 2025-0707 aYOPDYOG aCB-D.11/2025-0707 aCB-D.11/2025-0707